| 000 | 00576nam a2200205Ia 4500 | ||
|---|---|---|---|
| 003 | IN-BaIIA | ||
| 008 | 211028s9999 xx 000 0 eng d | ||
| 020 | _a0-91-565457-9 | ||
| 040 | _cIIA Library | ||
| 080 |
_a031:615.8 _bUDW |
||
| 100 |
_aUdwadia, F. E _926849 |
||
| 245 | 0 |
_aMan and medicine _ba history _cF. E. Udwadia |
|
| 260 |
_aNew Delhi _bOxford University Press _c2000 |
||
| 300 | _axvi, 496p. | ||
| 650 |
_aArchaic Medicine _926850 |
||
| 650 |
_aChinese Medicine _926851 |
||
| 650 |
_aIndian Medicine _926852 |
||
| 650 |
_aWestern Medicine _926853 |
||
| 942 | _cBK | ||
| 999 |
_c14879 _d14879 |
||